La música en el renacimiento.
I tiakina i:
| Kaituhi matua: | |
|---|---|
| Ētahi atu kaituhi: | |
| Hōputu: | Tē mōhiotia |
| Reo: | Ingarihi |
| I whakaputaina: |
Madrid, España:
Ediciones Akal,
2018.
|
| Rangatū: | Historia de la Música Occidental en Contexto,
|
| Ngā marau: | |
| Ngā Tūtohu: |
Tāpirihia he Tūtohu
Kāore He Tūtohu, Me noho koe te mea tuatahi ki te tūtohu i tēnei pūkete!
|
MARC
| LEADER | 00000 a2200000 4500 | ||
|---|---|---|---|
| 003 | CL-VaPUC | ||
| 005 | 20240715094143.0 | ||
| 008 | 240304t2018 ||||| |||| 00| 0 eng d | ||
| 999 | |c 443075 |d 443073 | ||
| 020 | |a 978-84-460-4600-4 | ||
| 040 | |c Pontificia Universidad Católica de Valparaíso | ||
| 082 | 7 | |2 22 |a 780.9031 FRE 2018 | |
| 100 | |a Freedman, Richard |9 391030 |e autor | ||
| 245 | |a La música en el renacimiento. | ||
| 260 | |a Madrid, España: |b Ediciones Akal, |c 2018. | ||
| 300 | |a 320 páginas. | ||
| 490 | |a Historia de la Música Occidental en Contexto, |n 62. | ||
| 583 | |k GC |c 20240304 | ||
| 650 | 0 | |9 306741 |a Historia de la música |y Renacimiento |z Europa | |
| 650 | 0 | |9 391249 |a Música renacentista |y Siglos 15-16 |z Europa | |
| 650 | 0 | |9 372199 |a Música religiosa |y Siglos 15-16 |z Europa | |
| 650 | 0 | |9 316776 |a Paganismo |x Música |y Siglos 15-16 |z Europa | |
| 700 | |9 877785 |a González-Castelao, Juan |e traducción | ||
| 942 | |2 ddc |c BK | ||
| 952 | |0 0 |1 0 |2 ddc |4 0 |6 780_903100000000000_FRE_2018 |7 0 |8 A |9 593479 |a BIBEDU |b BIBEDU |c GEN |d 2024-01-31 |e 3 |g 26494.00 |i 5660109 |l 2 |o 780.9031 FRE 2018 |p 5660109 |r 2024-05-16 |s 2024-05-13 |t 1 |v 26494.00 |w 2024-01-31 |y BK |k MUS | ||
| 952 | |0 0 |1 0 |2 ddc |4 0 |6 780_903100000000000_FRE_2018 |7 0 |8 A |9 595602 |a BIBEDU |b BIBEDU |d 2024-07-12 |e 13 |g 22610.00 |i 5662227 |o 780.9031 FRE 2018 |p 5662227 |r 2024-07-12 |t 2 |v 22610.00 |w 2024-07-12 |y BK |k MUS | ||